00201nam a2200073Ia 4500008004100000050001700041100001800058245005100076230915s9999 xx 000 0 und d aZ 271.S27 C1 aSARKAR, N. N. 0aSCIENTIFIC REPAIR AND REHABILITATION OF BOOKS